Diccionario de la lengua castellana / (Record no. 163056)

MARC details
000 -LEADER
campo de control de longitud fija 01081nam a2200253 i 4500
001 - NÚMERO DE CONTROL
campo de control 163056
003 - IDENTIFICADOR DE NÚMERO DE CONTROL
campo de control ES-MaACL
005 - FECHA Y HORA DE LA ÚLTIMA TRANSACCIÓN
campo de control 20230929062537.0
008 - DATOS DE LONGITUD FIJA--INFORMACIÓN GENERAL
campo de control de longitud fija 931025s1780 sp |||| | spa d
040 ## - FUENTE DE CATALOGACIÓN
Centro catalogador/agencia de origen PAB
Lengua de catalogación spa
Centro/agencia transcriptor PAB
110 2# - ENTRADA PRINCIPAL--NOMBRE DE ENTIDAD CORPORATIVA
Nombre de entidad corporativa o nombre de jurisdicción como elemento de entrada Real Academia Española
9 (RLIN) 6336
245 10 - MENCIÓN DEL TÍTULO
Título Diccionario de la lengua castellana /
Mención de responsabilidad, etc. compuesto por la Real Academia Española ; reducido á un tomo para su mas fácil uso.
260 ## - PUBLICACIÓN, DISTRIBUCIÓN, ETC.
Lugar de publicación, distribución, etc. Madrid :
Nombre del editor, distribuidor, etc. por D. Joaquín Ibarra ...,
Fecha de publicación, distribución, etc. 1780.
300 ## - DESCRIPCIÓN FÍSICA
Extensión [8], 953 [i.e. 955], [1] en bl., 12 p. ;
Dimensiones Fol. (36 cm)
505 8# - NOTA DE CONTENIDO CON FORMATO
Nota de contenido con formato Suplemento que comprehende las letras A y B, 12 p. finales, con sign. propia
597 ## - NOTA DE DESCRIPCIÓN FÍSICA
NOTA DE DESCRIPCIÓN FÍSICA Sign. : *4, A-Z4, 2A-2Z4, 3A-3Z4, 4A-4Z4, 5A-5Z4, 6A-6D4, 6E2, a4, b2.
597 ## - NOTA DE DESCRIPCIÓN FÍSICA
NOTA DE DESCRIPCIÓN FÍSICA Error tip. de pag., duplica la numeración de las p. 791-792.
597 ## - NOTA DE DESCRIPCIÓN FÍSICA
NOTA DE DESCRIPCIÓN FÍSICA Texto a tres col.
597 ## - NOTA DE DESCRIPCIÓN FÍSICA
NOTA DE DESCRIPCIÓN FÍSICA Antep.
597 ## - NOTA DE DESCRIPCIÓN FÍSICA
NOTA DE DESCRIPCIÓN FÍSICA Port. con esc. xil. de la Real Academia.
650 04 - PUNTO DE ACCESO ADICIONAL DE MATERIA--TÉRMINO DE MATERIA
Término de materia o nombre geográfico como elemento de entrada Lengua española-
Subdivisión de forma Diccionarios.
9 (RLIN) 14137
852 ## - LOCALIZACIÓN
Ubicación ES-MaACL
Número de control de estantería R-95
Nota libre -- Enc. piel marrón gofrada
Encuadernación -- Olim: B-8095
Holdings
Estatus retirado Estado de pérdida Estado de daño No para préstamo Colección Biblioteca de origen Biblioteca actual Ubicación en estantería Fecha de adquisición Fuente de adquisición Total de préstamos Signatura topográfica completa Código de barras Visto por última vez Precio de reemplazo Tipo de ítem Koha
        Colección de referencia Biblioteca del Ateneo de Madrid Biblioteca del Ateneo de Madrid Depósito 17/01/2008     R-95 1170851 23/02/2023 23/02/2023 Libro impreso antiguo